000 01019nam a2200289 a 4500
001 000112769
003 CHAP
005 20220329144321.0
008 161108s1995 mx |rm |0|||||spa d
010 _a109230
011 _a110202
040 _cCHAP
090 _aTesis
100 1 _aSoler Perez, Gisela
_9131238
245 1 0 _aCuantificacion e identificacion de ooquistes del genero Eimeria en conejos de diferentes granjas del Municipio de Huamantla, Tlaxcala /
_cpor Gisela Soler Perez.
260 _aHuamantla, Tlax. :
_bEl autor,
_c1995.
300 _a37 h.
502 _aTesis (M.V. Zootecnista) -- Universidad Autonoma de Tlaxcala. Licenciatura de Medicina Veterinaria y Zootecnia
590 _aBATCH-UPD
_b05
_c20161108
_lUCH01
_h1147
590 _aE5765TAJ
_b05
_c20161108
_lUCH01
_h1147
650 1 4 _aCoccidiosis en conejos.
_9131240
650 1 4 _aEimeria
_xIdentificación.
_9131239
650 1 4 _aNemátodos parásitos de conejos
_xControl.
_9131223
901 _aBK
942 _cTESIS
942 _n0
999 _c109230
_d109230